| 000 | 00813nam a2200289 a 4500 | ||
|---|---|---|---|
| 003 | AR-BaBNM | ||
| 005 | 20251128210751.0 | ||
| 008 | 082120s2002 ||||||||||||||000 | spa|| | ||
| 020 | _a950-9517-06-2 | ||
| 040 | _cAR-BaBNM | ||
| 245 | 0 | 0 | _aLa catedral de Buenos Aires |
| 260 |
_aBuenos Aires _bManrique Zago Ediciones _c1994 |
||
| 300 |
_a117 p. _bil. |
||
| 500 | _aContiene referencias bibliográficas | ||
| 650 | 4 | _aHISTORIA ARGENTINA | |
| 650 | 4 | _aHISTORIA DE BUENOS AIRES | |
| 650 | 4 | _aHISTORIA DE LA ARQUITECTURA | |
| 650 | 4 | _aMONUMENTOS HISTORICOS | |
| 650 | 4 | _aEDIFICIOS | |
| 650 | 4 | _aARQUITECTURA | |
| 650 | 4 | _aARTE RELIGIOSO | |
| 651 | 4 | _aBuenos Aires [Capital Federal] | |
| 700 | 0 |
_aManrique Zago _eeditor |
|
| 700 | 1 |
_aSalatino, Jorge _eilustrador |
|
| 942 | _cBK | ||
| 998 | _cMARTIN | ||
| 999 |
_c16812 _d16812 |
||